| 000 | 00493nam a2200145Ia 4500 | ||
|---|---|---|---|
| 001 | 2006 | ||
| 008 | 241024s9999 xx 000 0 und d | ||
| 082 | _aRD/378.7293/R426p/2008-2018/v.4 | ||
| 100 | _aRepública Dominicana. Secretaría de Estado de Educación Superior, Ciencia y Tecnología (SEESCYT) | ||
| 245 | 0 | _aPlan Decenal de Educación Superior 2008-2018. Área Cobertura y Equidad | |
| 260 |
_bSanto Domingo _c2008 |
||
| 590 | _asi | ||
| 901 | _a7/11/2011 10:59:05 a.m. | ||
| 999 |
_c8359 _d8359 |
||